| 000 | 00825nas a2200265 4500 | ||
|---|---|---|---|
| 001 | BR0301109 | ||
| 003 | BR-BrBNA | ||
| 005 | 20231205103617.0 | ||
| 007 | ta | ||
| 008 | 230509b bl.|||p| |||| 00| 00por d | ||
| 040 |
_aBR-BrBNA _bpor _cBiblioteca Nacional de Agricultura |
||
| 041 | _a(Pt) | ||
| 072 | _aE11; C30 | ||
| 100 | 1 | _aGoboshi, M.I. | |
| 100 | 1 | _aLombardi Neto, F. | |
| 100 | 1 | _aRodrigues, L.H.A. | |
| 245 | 1 | _aCap_Uso: uma ferramenta para auxiliar o planejamento do uso da terra | |
| 650 | _aUSO DA TERRA | ||
| 650 | _aPLANEJAMENTO | ||
| 650 | _aTOMADA DE DECISÃO | ||
| 650 | _aPROGRAMA DE COMPUTADOR | ||
| 773 | 0 |
_tRevista Brasileira de Ciência do Solo (Brazil) _xISSN 0100-0683 _g(Jan-Mar 2002), v. 26(1) p. 203-209 _wBR0301109 |
|
| 909 |
_a202311 _bLúcia _c55 _dLúcia Elande |
||
| 942 |
_2AGRIS _n0 _cANA |
||
| 999 |
_c173800 _d173800 |
||